01110nac a22002531i 4500003000900000005001700009008004100026040004300067082002000110100003300130245019000163264009900353300004500452336002600497337002800523338002700551501002400578504005200602650002800654655001700682942001200699999001500711952013000726EG-ScBUE20250218102245.0250211s1948 enka f b 001 0 eng d aEG-ScBUEbengerdacEG-ScBUEdEG-ScBUE04a515.63bWEA2221 aWeatherburn, C. E.,eauthor.10aAdvanced vector analysis :bwith application to mathematical physics /cby C. E. Weatherburn, M.A. (Cambridge), D.Sc (Sydney), professor of mathematics, University of Western Australia. 1aLondon :bG. Bell and Sons, ltd. ;aLaSalle, Illinois :bOpen Court Publishing Company,c1948. axiv, 222 pages :billustrations ;c22 cm 2rdacontentatextbtxt aunmediated2rdamediabn avolumebnc2rdacarrier aIncludes appendix.  aIncludes bibliographical references and index.  7aVector analysis.2BUEsh vReading book cBB2ddc c3003d3003 00102ddc40708BaccahaMAINbMAINc1STd2014-03-07ePurchasel0o515.63 WEAp000001078r2025-07-15 00:00:00w2007-03-14yBB